| 000 | 00615nam a22002177a 4500 | ||
|---|---|---|---|
| 003 | OSt | ||
| 005 | 20150903143700.0 | ||
| 008 | 150903b xxu||||| |||| 00| 0 eng d | ||
| 020 | _a9781609134020 | ||
| 040 | _cDNLM | ||
| 082 | _aQV744 M363p 2011 | ||
| 100 |
_aSinko, Patrick J. _92924 |
||
| 245 | _aMartin's Physical pharmacy and pharmaceutical science | ||
| 250 | _a6th ed. | ||
| 260 |
_aPhiladelphia; _bWolters kluwer, _c2011 |
||
| 300 |
_aviii,659p; _bcol.ill: _c28.5cm |
||
| 504 | _aReferences, & index included | ||
| 650 |
_aPhysical pharmacy _95649 |
||
| 651 |
_aPharmaceutics _95650 |
||
| 942 |
_2z _cO_SHELF |
||
| 999 |
_c2219 _d2219 |
||